000 00619nam a2200217Ia 4500
003 OSt
005 20220928112541.0
006 a|||||r|||| 00| 0
007 ta
008 220927b |||||||| |||| 00| 0 eng d
024 _a34306
037 _cReference Collections
040 _aSDCL
_cSDCL
_beng
041 _2eng
_aeng
082 _aV2:2'N7<- M6, L3 RR
245 0 _aWRITINGS ON Indian Constitution,1861-1972.
260 _aDelhi
_bIndian Bureau Of Bibliography
_c1973
300 _alii,496p
_ccm.
942 _hV2:2'N7<- M6, L3 RR
_cREF
_2CC
999 _c745220
_d745220